NLSUI OPAC header image

Aatma Nirbhar Bharat : (Record no. 203778)

MARC details
000 -LEADER
fixed length control field 01584cam a22003014a 4500
001 - CONTROL NUMBER
control field 13414586
003 - CONTROL NUMBER IDENTIFIER
control field OSt
005 - DATE AND TIME OF LATEST TRANSACTION
control field 20201228121013.0
008 - FIXED-LENGTH DATA ELEMENTS--GENERAL INFORMATION
fixed length control field 031124s2004 ctua b 001 0 eng
010 ## - LIBRARY OF CONGRESS CONTROL NUMBER
LC control number 2003066040
020 ## - INTERNATIONAL STANDARD BOOK NUMBER
International Standard Book Number 9789390095131
040 ## - CATALOGING SOURCE
Original cataloging agency DLC
Transcribing agency DLC
Modifying agency DLC
042 ## - AUTHENTICATION CODE
Authentication code pcc
050 00 - LIBRARY OF CONGRESS CALL NUMBER
Classification number TX145
Item number .B582 2004
082 00 - DEWEY DECIMAL CLASSIFICATION NUMBER
Classification number 640 BHU
Edition number 22
100 ## - MAIN ENTRY--PERSONAL NAME
Relator term Bhutani Rjeev
245 04 - TITLE STATEMENT
Title Aatma Nirbhar Bharat :
Remainder of title Self-Reliant India , Challenges and Opportunities
260 ## - PUBLICATION, DISTRIBUTION, ETC.
Place of publication, distribution, etc. New Delhi
Name of publisher, distributor, etc. Pentagon Press
Date of publication, distribution, etc. 2020
300 ## - PHYSICAL DESCRIPTION
Extent 198 p. :
Other physical details ill. ;
Dimensions 28 cm.
505 ## - FORMATTED CONTENTS NOTE
Formatted contents note Contents:<br/>1. Introduction <br/>Part I Geopolitical Overview<br/>2. Emerging Geopolitical Environment <br/>3. India's Response<br/>Part II Impact Coronavirus and Challenges and Opportunities for India<br/>4. The Novel Coronavirus <br/>5. The Multitudinous Effects of the COVID-19 Pandemic <br/>6. Emerging New World Order - Post-COVID-19<br/>7. Challenges and Opportunities for India<br/>8. Self-Reliant India\<br/>9. Conclusion
650 #0 - SUBJECT ADDED ENTRY--TOPICAL TERM
Topical term or geographic name entry element Home economics.
General subdivision COVID-19 - Challenges - India
700 1# - ADDED ENTRY--PERSONAL NAME
Personal name Szykitka, Walter.
856 42 - ELECTRONIC LOCATION AND ACCESS
Materials specified Contributor biographical information
Uniform Resource Identifier <a href="http://www.loc.gov/catdir/bios/globe051/2003066040.html">http://www.loc.gov/catdir/bios/globe051/2003066040.html</a>
856 42 - ELECTRONIC LOCATION AND ACCESS
Materials specified Publisher description
Uniform Resource Identifier <a href="http://www.loc.gov/catdir/description/globe041/2003066040.html">http://www.loc.gov/catdir/description/globe041/2003066040.html</a>
906 ## - LOCAL DATA ELEMENT F, LDF (RLIN)
a 7
b cbc
c orignew
d 1
e ocip
f 20
g y-gencatlg
942 ## - ADDED ENTRY ELEMENTS (KOHA)
Source of classification or shelving scheme Dewey Decimal Classification
Koha item type BOOKs
Holdings
Withdrawn status Lost status Source of classification or shelving scheme Materials specified (bound volume or other part) Damaged status Not for loan Home library Current library Shelving location Date acquired Source of acquisition Total Checkouts Full call number Barcode Date last seen Price effective from Koha item type
    Dewey Decimal Classification HB     . . NAB Compactor 28.12.2020 Purchased   640 BHU 38216 28.12.2020 28.12.2020 BOOKs